000 00569nam a2200193Ia 4500
003 GCL
008 140319s9999 xx 000 0 ara d
040 _aGCL /
_cGCL
082 0 4 _a811.9
_bغ غ
100 1 _aغسان سرور شبيل
245 1 0 _aغربة وليالى سفر /
_cغسان سرور شبيل
260 _a[S.N] :
_bالدار العربية للتوزيع والنشر ،
_c1985
300 _a168 ص
490 _a
650 0 4 _aالشعر العربى
650 0 4 _aالعصر الحديث
650 0 4 _aالمجموعات
942 _2ddc
_cBK
999 _c58965
_d58965